Estadísticas para Países con la mayor cantidad de ejecuciones

Haz click aquí para tomar la prueba!

Estadísticas generales

  • Esta prueba ha sido tomada 1.507 veces
    (442 desde el último reinicio)
  • La puntuación promedio es 9 de 13

Estadísticas de respuestas

#País% Correcto
96Estados Unidos
93%
Miles anualmenteChina
93%
?Corea del Norte
85%
> 2,304Irán
83%
> 607Arabia Saudita
82%
> 291Irak
81%
> 487Pakistán
74%
25Japón
66%
> 144Egipto
62%
?Vietnam
60%
?Malasia
46%
> 76Somalia
43%
29Singapur
29%

Distribución de puntuación

Porcentaje por número respondido

Porcentaje de gente con cada puntuación

Historial de tus puntuaciones

No has tomado esta prueba desde el último reinicio